| 000 | 00301as aa2200097a 44500 | ||
|---|---|---|---|
| 090 |
_aSERIADAS _b00979 |
||
| 245 | 1 | 0 | _aSig-Pafc: Sistema de Información Geográfica, plan de accción forestal para Colombia |
| 260 |
_bSistema de Información geográfica _aColombia |
||
| 041 | 0 | _aEspañol | |
| 942 | _cREVISTA | ||
| 999 |
_c17127 _d17127 |
||